| 000 | 00714cam a22002411 4500 | ||
|---|---|---|---|
| 001 | 1446 | ||
| 003 | BD-RjUL | ||
| 005 | 20211208233335.0 | ||
| 008 | 131125s1966 caua b 000 0 eng | ||
| 035 | _a(BD-RjUL)1468 | ||
| 040 |
_aDLC/ICU _cICU _d(BD-RjUL) _beng |
||
| 041 | _aeng | ||
| 082 | 0 | 0 |
_a152 _216 _bSTR |
| 100 | 1 |
_aStrange, Jack Roy, _d1921- _94291 |
|
| 245 | 1 | 0 |
_aReadings in physiological psychology / _c[by] Jack Roy Strange [and] Ray Foster. |
| 260 |
_aBelmont, Calif., _bWadsworth Pub. Co. _cc1966 |
||
| 300 |
_a387 p. : _bills. ; _c25 cm. |
||
| 504 | _aIncludes bibliographical references. | ||
| 650 | 0 |
_aPsychophysiology. _93788 |
|
| 942 |
_2ddc _cBK |
||
| 999 |
_c1446 _d1446 |
||